1846 1316 1710 1875 1051 1058 1987 1089 1713 1905 1822 1442 1216 1487 1529 1110 1505 1958 1641 1861 1419 1648 1674 1936 1439 1370 1340 1766 1476 1846 1515 1380 1382 1236 1169 1715 1016 1995 1101 1075 1771 1801 1258 1667 1820 1740 1468 1356 1457 1872 1689 1214 1950 1395 1139 1591 1917 1019 1959 1910 1199 1113 1769 1516 1061 1852 1976 1456 1274 1977 1321 1322 1960 1414 1029 1697 1973 1895 1279 1967 1800 1091 1884 1700 1398 1571 1243 1958 1236 1120 1695 1493 1627 1409 1799 1247 1193 1373 1887 BCNSPRNW ULIB Ver.6.0+V

เปลี่ยนเป็นภาษาไทย

Change to English
 แสดงรายละเอียดบรรณานุกรม
  กลับหน้าหลัก

Brief Record : Get Marc (ISO 2709) : E-mail record : QR code < ปิดหน้าต่าง
LEADER : 00000nam 2200000uu 4500
001    13399129108
003     ULIB
008    250717s2025||||th 000 0 tha d
020    ^a9781975236151
060 0  ^aWY159^bK743E
100 1  ^aKyle, Terri
245 1  ^aEssentials of Pediatric Nursing /^cTerri Kyle and Susan Carman
250    ^a5th ed.
260    ^aPhiladephia :^bWolters Kluwer,^c2025
300    ^a1,091 p. :^billus, tables, charts
505 0  ^aFoundations of Pediatric Nursing -- Health Promotion of the Growing Child and Family -- Working With Children and Families -- Nursing Care of the Child With a Health Disorder
650  0 ^aPEDIATRIC NURSING
700 1  ^aCarman, Susan
945    ^p4394^l0^i011865
999    ^aประนอม เกษจรัล
รายการนี้ยังไม่มีแท็ก
คุณยังไม่ได้ล็อกอิน คุณสามารถมีกิจกรรมร่วมกับเว็บไซต์ได้ แต่ต้องล็อกอินก่อน ::
  ล็อกอิน

รายการสื่อสารสนเทศ

ลำดับที่ ประเภท เลขเรียก/บาร์โค้ด สถานที่ สถานะ
1. Book การพยาบาล
หนังสือสำรอง
สถานะ=หนังสือสำรอง
WY159 K743E ฉ.1 
  Barcode: 011865
ห้องสมุดวิทยาเขตสวรรค์ประชารักษ์
►หนังสือทั่วไป
บนชั้น

รายการใกล้เคียง
    ชื่อเรื่อง [Essentials of Pediatric Nursing / Terri Kyle and Susan Carman]

    ผู้แต่ง [Kyle, Terri]

    หัวเรื่อง [PEDIATRIC NURSING]

BibComment


ยังไม่เคยถูกคอมเมนท์

คอมเมนท์ทรัพยากรรายการนี้
  คอมเมนท์: Essentials of Pe..


 Copyright 2026. Bcnsprnw @Library